000 00660nam a2200277Ia 4500
005 20260324150029.0
008 008 260324s9999 xx 000 0 eng d
020 _a9781315810331
037 _aEBOOK
040 _aCRL
040 _beng
040 _cCRL
041 _2eng
041 _aeng
084 _qCRL
100 _aDennis Austin; Robin Luckham
_91225024
245 0 _aPoliticians and Soldiers in Ghana 1966-1972
260 _bTaylor and Francis
260 _c1975
365 _a
365 _b230
856 _uhttp://www.taylorfrancis.com/books/9781315810331
942 _cEBOOK
999 _c1833792
_d1833792